|
|
|
|
| LEADER |
01202nam a2200349 a 4500 |
| 001 |
000106311 |
| 003 |
CZ BrMZK |
| 005 |
20211222081001.0 |
| 007 |
ta |
| 008 |
960815s1996 xr g j cze d |
| 015 |
|
|
|a cnb000208835
|
| 020 |
|
|
|a 80-7210-229-X
|
| 035 |
|
|
|a (OCoLC)37959340
|
| 040 |
|
|
|a BOA001
|b cze
|
| 072 |
|
7 |
|a 821-31/-34
|x Milostná, dobrodružná, fantastická próza
|2 Konspekt
|9 25
|
| 080 |
|
|
|a 821-322.4
|2 MRF
|
| 080 |
|
|
|a (0:82-322.4)
|2 MRF
|
| 100 |
1 |
|
|a Bodmann, Aenne
|7 jx20040618003
|4 aut
|
| 245 |
1 |
0 |
|a Tajemné hlasy /
|c Aenne Bodmannová ; [z němčiny] přeložila Marisa Všetulová
|
| 250 |
|
|
|a Vyd. 1.
|
| 260 |
|
|
|a Praha :
|b I. Železný,
|c 1996
|
| 300 |
|
|
|a 58 s. ;
|c 19 cm
|
| 490 |
1 |
|
|a Knihovnička Večerů pod lampou ;
|v 2359
|
| 490 |
1 |
|
|a Dotek nadpřirozena ;
|v 227 (44/96)
|
| 655 |
|
7 |
|a horory (povídky)
|7 fd132417
|2 czenas
|
| 700 |
1 |
|
|a Všetulová, Marisa
|7 jx20040607023
|4 trl
|
| 765 |
0 |
|
|t Sibylle zwischen zwei Welten
|
| 830 |
|
0 |
|a Knihovnička Večerů pod lampou
|
| 830 |
|
0 |
|a Dotek nadpřirozena
|
| 910 |
|
|
|a BOA001
|b 1-1026.549
|
| 990 |
|
|
|a BK
|
| 996 |
6 |
|
|b 2610044261
|c 1-1026.549
|l MZK
|r Sklad / do 1 hodiny
|n 0
|p p.v.
|w 000106311
|u 000010
|a 1
|e BOA001
|j MZK50
|s P
|